00701nam a2200241 a 4500001001300000003000900013005001700022008004100039020001000080082001600090100001700106245005400123260003800177300000900215500003500224505002000259650001400279700001700293902000800310942000700318952011700325999001700442nice12345678IN_TiNIC20260116013810.0050524s1990 newa grp 000 0 eng  ac10000a954.84bNAI aNaidu, Ratna aOld Cities, New Predicamentsb Study of Hyderabad aNew Delhibsage publicationc1990 a177p aincludes index and biblioraphy2 aGlossary, Index aHyderabad1 aNaidu, Ratna bSRS cBK 001040708StackRoom-aHMIbHMId2010-06-07g100.00l0o954.84 NAIp015856r2010-06-07v100.00w2005-05-24yBK c12559d12559